Fitted for the voyage : the Adelaide Steamship Company, 1875-1975 /

Saved in:
Bibliographic Details
Main Author: Page, Michael F. (Michael Fitzgerald), 1922-
Format: Book
Language:English
Published: Adelaide : Rigby, 1975.
Subjects:
LEADER 01231cam a2200313 a 4500
001 c000232122
003 CARM
005 20131004122504.0
008 751204s1975 xraac b 001 0 eng d
019 1 |a 1636961  |z 21968726  |z 23892503  |z 45646540  |z 64026647  |z 66408913  |5 LACONCORD2021 
020 |a 0851799183 :  |c $8.95 Aust 
035 |a (OCoLC)2526032  |5 LACONCORD2021 
040 |a ANB  |b eng  |c ANB  |d ANB 
042 |a anuc 
050 1 4 |a HE945.A33  |b P33 1975 
082 1 4 |a 338.7613875099423  |2 19 
100 1 |a Page, Michael F.  |q (Michael Fitzgerald),  |d 1922- 
245 1 0 |a Fitted for the voyage :  |b the Adelaide Steamship Company, 1875-1975 /  |c Michael Page. 
260 |a Adelaide :  |b Rigby,  |c 1975. 
300 |a 339 p. :  |b ill., ports. ;  |c 26 cm. 
500 |a Includes index. 
504 |a Bibiliography: p.323-324. 
610 2 0 |a Adelaide Steamship Company. 
650 0 |a Steamboat lines  |z South Australia. 
650 0 |a Shipping  |z Australia  |x History. 
650 0 |a Shipping  |z South Australia  |x History. 
852 8 |b CARM  |h A1:AP19A0  |i C09253  |p 0340706  |f BK 
999 f f |i 84203fe3-1005-593b-95b8-094077af8dae  |s cbe6dfc0-bebf-515e-8a80-961e803a79aa 
952 f f |p Can circulate  |a CAVAL  |b CAVAL  |c CAVAL  |d CARM 1 Store  |e C09253  |f A1:AP19A0  |h Other scheme  |i book  |m 0340706